00381nam a2200133Ia 4500008004100000100001900041245005100060245001900111260006200130260000900192300002400201500000900225650001300234170224s9999 xx 000 0 und d aMatthew Lamont aTourism and cricket: travels to the boundary  cMatthew Lamont bJournal of Policy Research in Tourism, Leisure and Events c2016 a8:2, Pages: 221-223 a2016 xTourism.